| 000 | 00999nam a22003137a 4500 | ||
|---|---|---|---|
| 003 | CHAP | ||
| 005 | 20220329140823.0 | ||
| 008 | 971013s1975 r 00010 d | ||
| 010 | _a58137 | ||
| 011 | _a59109 | ||
| 035 | _a63266 | ||
| 040 | _cCHAP | ||
| 082 |
_a551.5 _bS5 |
||
| 100 | 0 | 0 |
_aSmith, Lionel P. _9107073 |
| 245 | _aMethods in agricultural meteorology | ||
| 260 |
_aAmsterdam : _bElsevier, _c1975 |
||
| 300 |
_a210 p. _b: ilus. ; gráfs. |
||
| 490 |
_aDevelopments in atmospheric science _v; 3 |
||
| 590 |
_aBATCH-UPD _b10 _c20130110 _lUCH01 _h0401 |
||
| 590 |
_aBATCH-UPD _b10 _c20130110 _lUCH01 _h2124 |
||
| 590 |
_aBATCH-UPD _b10 _c20130410 _lUCH01 _h0034 |
||
| 590 |
_aBATCH-UPD _b10 _c20130914 _lUCH01 _h1157 |
||
| 590 |
_aCONVERSION _b10 _c20130109 _lUCH01 _h1331 |
||
| 650 | 1 | 4 |
_aMeteorología agrícola. _975217 |
| 830 | 0 |
_aDevelopments in atmospheric science _v; 3 _932279 |
|
| 901 | _aBK | ||
| 942 | _cLIBRO | ||
| 949 |
_a551.5 S5 _bBC _cLIBRO _d33724000239083 _eLIBRO _h51779 _i63266 _si |
||
| 999 |
_c58137 _d58137 |
||